| 000 | 00560nam a2200193 i 4500 | ||
|---|---|---|---|
| 001 | 93941 | ||
| 003 | ES-MaACL | ||
| 005 | 20230906181341.0 | ||
| 007 | t| | ||
| 008 | 050422s1930 sp |||| | spa d | ||
| 100 | 1 |
_aLópez-Rey, José. _973914 |
|
| 245 | 1 | 4 |
_aLos estudiantes frente a la dictadura / _cJosé López-Rey. |
| 250 | _a1ª ed. | ||
| 260 |
_aMadrid : _bJavier Morata, _c1930. |
||
| 300 |
_aXVI, 316 p., XL p. ; _c19 cm. |
||
| 500 | _aApéndice documental. | ||
| 650 | 4 |
_aMovimientos estudiantiles- _zEspaña. _915223 |
|
| 852 |
_aES-MaACL _jB-6272 |
||
| 999 |
_c93941 _d93941 |
||